Statistics for Kevin Costner Movies Quiz

Click here to take the quiz!

General Stats

  • This quiz has been taken 3,166 times
    (1,056 since last reset)
  • The average score is 11 of 45

Answer Stats

YearMovie% Correct
1995Waterworld
82%
1990Dances with Wolves
81%
1989Field of Dreams
69%
1991Robin Hood: Prince of Thieves
58%
1992The Bodyguard
58%
1997The Postman
58%
1988Bull Durham
54%
1996Tin Cup
49%
1987The Untouchables
41%
1991JFK
40%
1999For Love of the Game
35%
1994Wyatt Earp
33%
2014Draft Day
29%
2013Man of Steel
27%
1987No Way Out
27%
2007Mr. Brooks
26%
1985Silverado
25%
1999Message in a Bottle
22%
1993A Perfect World
21%
2003Open Range
21%
2006The Guardian
21%
20143 Days to Kill
18%
1990Revenge
17%
2005Rumor Has It...
16%
2014Jack Ryan: Shadow Recruit
15%
1994The War
14%
2000Thirteen Days
14%
20013000 Miles to Graceland
13%
1985Fandango
13%
2008Swing Vote
13%
2002Dragonfly
12%
1985American Flyers
10%
2005The Upside of Anger
10%
2010The Company Men
8%
2009The New Daughter
7%
1982Night Shift
6%
1988The Gunrunner
6%
1999Play It to the Bone
4%
1983Testament
4%
1982Frances
3%
1981Malibu Hot Summer
3%
1986Shadows Run Black
3%
1983Stacy's Knights
3%
1983Table for Five
3%
1982Chasing Dreams
2%

Score Distribution

Percentile by Number Answered

Percent of People with Each Score

Your Score History

You have not taken this quiz since the last reset